Văn hóa phi vật thể Raglai những gì chúng ta còn ít biết đến
Giới thiệu một số văn hóa phi vật thể của Raglai: Truyện cổ, truyện hát kể sử thi Raglai, lễ hội dân gian, nhạc cụ Raglai cấu trúc...
Bewaard in:
| Hoofdauteur: | |
|---|---|
| Formaat: | Boek |
| Taal: | Vietnamese |
| Gepubliceerd in: |
H.
Văn hoá Thông tin
2014
|
| Onderwerpen: | |
| Tags: |
Voeg label toe
Geen labels, Wees de eerste die dit record labelt!
|
| Thư viện lưu trữ: | Mạng thư viện Đại học Đà Nẵng |
|---|
| LEADER | 01637aam a22004338a 4500 | ||
|---|---|---|---|
| 001 | 000020679 | ||
| 003 | 17126 | ||
| 005 | 20150331100355.0 | ||
| 008 | 150325s2014 viesd | ||
| 020 | |d 2000b | ||
| 041 | 0 | |a vie | |
| 082 | 0 | 4 | |2 23 |a 398.20899922 |b HA-L |
| 100 | 1 | |a Hải Liên | |
| 245 | 1 | 0 | |a Văn hóa phi vật thể Raglai những gì chúng ta còn ít biết đến |c Hải Liên, Hữu Ích |
| 260 | |a H. |b Văn hoá Thông tin |c 2014 | ||
| 300 | |a 315 tr. |b hình mh. |c 21 cm. | ||
| 500 | |a ĐTTS ghi: Hội Văn nghệ dân gian Việt Nam | ||
| 504 | |a Thư mục: tr. 313-315 | ||
| 520 | |a Giới thiệu một số văn hóa phi vật thể của Raglai: Truyện cổ, truyện hát kể sử thi Raglai, lễ hội dân gian, nhạc cụ Raglai cấu trúc... | ||
| 650 | 0 | 4 | |2 Bộ TK TVQG |a Văn hóa phi vật thể |x Dân tộc Raglai |z Nam Việt Nam |
| 650 | 7 | |2 Bộ TK TVQG | |
| 650 | 7 | |2 Bộ TK TVQG | |
| 651 | 7 | |2 Bộ TK TVQG |a Việt Nam | |
| 653 | |a Dân tộc Raglai | ||
| 653 | |a Văn hóa dân gian | ||
| 653 | |a Văn hóa phi vật thể | ||
| 653 | |a Truyện cổ | ||
| 653 | |a Lễ hội | ||
| 653 | |a Sử thi | ||
| OWN | |a LSP | ||
| AVA | |a UDN50 |b LSP |d 398.20899922 HA-L |e available |t Error 5001 Not defined in file expand_doc_bib_avail. |f 1 |g 0 |h N |i 0 |k 1 | ||
| 999 | |a From the UDN01 | ||
| AVA | |a UDN50 |b LSP |d 398.20899922 HA-L |e available |t Error 5001 Not defined in file expand_doc_bib_avail. |f 1 |g 0 |h N |i 0 |k 1 | ||
| TYP | |a Monograph | ||
| TYP | |a Printed language | ||
| 980 | |a Mạng thư viện Đại học Đà Nẵng | ||